| 000 | 00443nam a2200145Ia 4500 | ||
|---|---|---|---|
| 008 | 190926s9999||||xx |||||||||||||| ||und|| | ||
| 020 | _a8170811848 | ||
| 082 |
_a242 _bNEE/S |
||
| 100 | _aNeelKantha | ||
| 245 | 0 | _aSriman Maha Bharatam: Part: 2nd: 3-Vana Parva 4-Virat Parva | |
| 250 | _a1 | ||
| 260 |
_aDelhi _bNag Publishers _c1988 |
||
| 300 | _a662 | ||
| 942 | _cBK | ||
| 999 |
_c10782 _d10782 |
||